000 00319 a2200145 4500
001 164112
020 _a
040 _cMagnum
100 _aMocelin, Renato
240 1 0 _aColuna prestes: a grande marcha
_lpor
245 1 0 _aColuna prestes: a grande marcha
362 0 _a1899
697 _aPARADIDATICO
942 _cBK
999 _c164112
_d164112